000 00319nam a2200145Ia 4500
003 OSt
008 191201s2008 xx 000 0 und d
082 _a658
_bPAE
100 _aPAUL, Justin
245 0 _aExport Import Management
260 _aNew Delhi
_bOxford
_c2008
300 _a397
650 _aMBA
942 _2ddc
_cBK
999 _c162
_d162